Substitution Box Generated by Point of Order Two on Elliptic Curve Over if28 (Record no. 69104)

MARC details
000 -LEADER
fixed length control field 00417nam a22001217a 4500
100 ## - MAIN ENTRY--AUTHOR NAME
Personal name Abdul Samad Dahri
-- 21-MSM-01
-- Supervisor - Dr. Muhammad Afzal Soomro
245 ## - TITLE STATEMENT
Title Substitution Box Generated by Point of Order Two on Elliptic Curve Over if28
260 ## - PUBLICATION, DISTRIBUTION, ETC. (IMPRINT)
Place of publication Nawabshah
Name of publisher QUEST
Year of publication 2025
300 ## - PHYSICAL DESCRIPTION
Number of Pages 97p.
700 ## - ADDED ENTRY--PERSONAL NAME
Personal name Department of Mathematics and Statistics
942 ## - ADDED ENTRY ELEMENTS (KOHA)
Koha item type Thesis and Dissertation
Holdings
Withdrawn status Lost status Home library Current library Date acquired Accession Number Koha item type
    Research Section Research Section 29/06/2026 MP/102-1513 Thesis and Dissertation
    Research Section Research Section 29/06/2026 MP/102-1514 Thesis and Dissertation